000 00619nam a2200181Ia 4500
003 GCL
008 140319s9999 xx 000 0 ara d
040 _aGCL /
_cGCL
082 0 4 _a811
_bف ق
100 1 _aفاطمة ناعوت
245 1 0 _aقطاع طولى فى الذاكرة /
_cفاطمة ناعوت
260 _aالقاهرة :
_bالهيئة المصرية العامة للكتاب ،
_c2003
300 _a195 ص ؛
_c16 سم
650 0 4 _aالشعر العربى
650 0 4 _aالشعر العربى - دواوين وقصائد
650 0 4 _aالادب العربى - مجموعات
942 _2ddc
_cBK
999 _c6847
_d6847